Niektoré tendencie v procese monopolizácie v Západnej Európe v 70-tych rokoch výskumná správa

Guardado en:
Detalles Bibliográficos
Autor principal: Melišová, Mária
Formato: Libro
Lenguaje:eslovaco
Publicado: Bratislava Vysoká škola ekonomická 1980
Etiquetas: Agregar Etiqueta
Sin Etiquetas, Sea el primero en etiquetar este registro!

MARC

LEADER 00000nam a2200000 4500
001 c138843
005 20250703110955.8
041 0 |a slo 
044 |a SK 
245 1 0 |a Niektoré tendencie v procese monopolizácie v Západnej Európe v 70-tych rokoch  |b výskumná správa  |c Mária Melišová 
264 1 |a Bratislava  |b Vysoká škola ekonomická  |c 1980 
300 |a 97 s. 
100 1 |a Melišová, Mária